[Event "Mittelrhein Verbandsliga Nord 1920"]
[Site "Mittelrhein"]
[Date "2020.02.16"]
[Round "6.4"]
[White "Wehmschulte, Philipp"]
[Black "Pyrowicz, Jacek"]
[Result "1/2-1/2"]
[WhiteElo "1639"]
[BlackElo "1819"]
[PlyCount "95"]
[EventDate "2019.09.29"]
[EventType "team-tourn"]
[EventRounds "9"]
[EventCountry "GER"]
[SourceTitle "EXT 2023"]
[Source "ChessBase"]
[SourceDate "2022.10.05"]
[SourceVersion "1"]
[SourceVersionDate "2022.10.05"]
[SourceQuality "1"]
[WhiteTeam "Brauweiler Rochade"]
[BlackTeam "Hitdorf SV Springer"]
[WhiteTeamCountry "GER"]
[BlackTeamCountry "GER"]

1. e4 c5 2. Nf3 Nc6 3. Nc3 g6 4. d4 cxd4 5. Nxd4 Bg7 6. Be3 d6 7. Qd2 Bd7 8. h4 h5 9. 0-0-0 Nf6 10. f3 Qc8 11. Be2 Ne5 12. Kb1 Nc4 13. Bxc4 Qxc4 14. Qe2 Rc8 15. Qxc4 Rxc4 16. Ndb5 a6 17. Na3 Rc8 18. Ne2 0-0 19. Rd2 b5 20. c3 Bc6 21. Rhd1 Nd7 22. Bg5 Rfe8 23. Nd4 Bb7 24. Nac2 Nb6 25. Nb4 Nc4 26. Re2 Kf8 27. Nd5 Bxd5 28. exd5 Ne5 29. Rde1 Rc7 30. Re3 Nc4 31. Rd3 Bxd4 32. Rxd4 f6 33. Bf4 Rb8 34. Ree4 Nb6 35. Re6 Kf7 36. Re1 Rc5 37. Red1 Rc4 38. Rxc4 Nxc4 39. b3 Nb6 40. Be3 Nd7 41. Kb2 Rc8 42. Bf4 Rg8 43. Be3 g5 44. hxg5 fxg5 45. Rh1 Kg6 46. Bd4 Rc8 47. Re1 Kf7 48. Rh1 1/2-1/2

[Event "Mittelrhein Verbandsliga Nord 1920"]
[Site "Mittelrhein"]
[Date "2020.01.19"]
[Round "5.4"]
[White "Pyrowicz, Jacek"]
[Black "Baldus, Alexander"]
[Result "1-0"]
[WhiteElo "1818"]
[BlackElo "1855"]
[PlyCount "73"]
[EventDate "2019.09.29"]
[EventType "team-tourn"]
[EventRounds "9"]
[EventCountry "GER"]
[SourceTitle "EXT 2023"]
[Source "ChessBase"]
[SourceDate "2022.10.05"]
[SourceVersion "1"]
[SourceVersionDate "2022.10.05"]
[SourceQuality "1"]
[WhiteTeam "Hitdorf SV Springer"]
[BlackTeam "Pulheim"]
[WhiteTeamCountry "GER"]
[BlackTeamCountry "GER"]

1. d4 Nf6 2. c4 g6 3. Nc3 Bg7 4. e4 d6 5. f4 0-0 6. Nf3 c5 7. dxc5 dxc5 8. Bd3 Nc6 9. e5 Ne8 10. 0-0 b6 11. Qe2 Bg4 12. Be3 Nc7 13. Be4 Nd4 14. Bxd4 Bxf3 15. Rxf3 Qxd4+ 16. Kh1 Qd7 17. Rd1 Qc8 18. Bxa8 Qxa8 19. Qe4 Ne6 20. Qxa8 Rxa8 21. Ne2 f6 22. Rd5 fxe5 23. fxe5 Ng5 24. Rfd3 Rf8 25. Rd8 Bxe5 26. Rxf8+ Kxf8 27. Rd8+ Kf7 28. b3 Bc7 29. Rd7 Ne6 30. Rd3 Ng5 31. g3 Ne4 32. Kg2 Nf6 33. Nf4 Be5 34. Rd8 Bc7 35. Ra8 a5 36. Rc8 Bxf4 37. gxf4 1-0

[Event "Mittelrhein Verbandsliga Nord 1920"]
[Site "Mittelrhein"]
[Date "2019.11.17"]
[Round "3.4"]
[White "Pyrowicz, Jacek"]
[Black "Krause, Ingo"]
[Result "0-1"]
[WhiteElo "1866"]
[BlackElo "1882"]
[PlyCount "44"]
[EventDate "2019.09.29"]
[EventType "team-tourn"]
[EventRounds "9"]
[EventCountry "GER"]
[SourceTitle "EXT 2023"]
[Source "ChessBase"]
[SourceDate "2022.10.05"]
[SourceVersion "1"]
[SourceVersionDate "2022.10.05"]
[SourceQuality "1"]
[WhiteTeam "Hitdorf SV Springer"]
[BlackTeam "Monheim/Baumberg"]
[WhiteTeamCountry "GER"]
[BlackTeamCountry "GER"]

1. d4 d5 2. c4 c6 3. Nc3 Nf6 4. Nf3 e6 5. e3 Nbd7 6. cxd5 exd5 7. Bd3 Bd6 8. 0-0 0-0 9. Qc2 Re8 10. h3 Nf8 11. b3 b6 12. e4 dxe4 13. Nxe4 Bb7 14. Nxd6 Qxd6 15. a4 Ne6 16. Rd1 Rad8 17. Bc4 c5 18. Ba3 Bxf3 19. Bxe6 Bxd1 20. Bxf7+ Kxf7 21. Rxd1 Re4 22. d5 Re5 0-1

[Event "Polanica Zdroj op-B 45th"]
[Site "Polanica Zdroj"]
[Date "2009.08.25"]
[Round "8"]
[White "Somyk, Marcin"]
[Black "Pyrowicz, Jacek"]
[Result "1-0"]
[WhiteElo "1901"]
[BlackElo "860"]
[PlyCount "67"]
[EventDate "2009.08.18"]
[EventType "swiss"]
[EventRounds "10"]
[EventCountry "POL"]
[SourceTitle "CBM 131 Extra"]
[Source "ChessBase"]
[SourceDate "2009.09.03"]
[SourceVersion "2"]
[SourceVersionDate "2009.09.16"]
[SourceQuality "1"]

1. e4 c6 2. c4 d5 3. exd5 cxd5 4. cxd5 Nf6 5. Nc3 Nxd5 6. Bc4 e6 7. Nf3 Nc6 8. 0-0 Be7 9. d4 Nb6 10. Bb3 Nb4 11. a3 N4d5 12. Re1 0-0 13. Bc2 Nf6 14. Qd3 Bd7 15. Bg5 g6 16. Rad1 Bc6 17. Ne5 Bd5 18. Re3 Nfd7 19. Bxe7 Qxe7 20. Ng4 Kg7 21. Rh3 h5 22. Rxh5 f5 23. Rh3 Bc4 24. Qe3 Rh8 25. Ne5 Nf6 26. Qg5 Qe8 27. b3 Rh5 28. Qg3 Bd5 29. Ne2 Ne4 30. Bxe4 Bxe4 31. Nf4 Rh6 32. f3 Bc6 33. b4 Nd5 34. Rc1 1-0